Famous...with an Instrument Quiz Stats

 Plays Quiz Updated Dec 31, 2017

Score 0/20 Timer 05:00
0 Plays Today
Famous Person % Correct
Einstein - Violin
97.4%
Clinton - Saxophone
95.2%
Chaplin - Violin
91.7%
Nixon - Piano
86.7%
Martin - Banjo
85.7%
Rice - Piano
83.3%
Bacon - Guitar
82%
Willis - Harmonica
81.7%
Allen - Clarinet
76.9%
Streep - Violin
71.7%
Famous Person % Correct
Radcliffe - Guitar
70.5%
Truman - Piano
66.3%
Hope - Ukulele
59.2%
Griffith - Guitar
57.2%
Eastwood - Piano
57.1%
Charles - Cello
56%
Gere - Trumpet
45.1%
Stewart - Accordion
45%
Carson - Drums
42.1%
McGregor - Tenor horn
10.3%

You're not logged in!

Compare scores with friends on all Sporcle quizzes.
OR
Log In

Sporcle TV

Today on Sporcle TV


Watch our educational content, quiz creation guides, and fun videos on Sporcle TV.

Show Comments

Extras

Top Quizzes Today


Score Distribution

Your Account Isn't Verified!

In order to create a playlist on Sporcle, you need to verify the email address you used during registration. Go to your Sporcle Settings to finish the process.

Report this User

Report this user for behavior that violates our Community Guidelines.

Details: